Подробности
| 000 -МАРКЕР |
| контрольное поле |
08206ncm0a22005771 4500 |
| 001 - ИДЕНТИФИКАТОР ЗАПИСИ |
| контрольное поле |
RU\NLR\ONIZ\211507 |
| 005 - ИДЕНТИФИКАТОР ВЕРСИИ |
| контрольное поле |
20250624195500.0 |
| 035 ## - ДРУГИЕ СИСТЕМНЫЕ НОМЕРА |
| Идентификатор записи |
RU\NLR\ONIZ\Таня\5000001915\20150424163803 |
| 035 ## - ДРУГИЕ СИСТЕМНЫЕ НОМЕРА |
| Идентификатор записи |
(NLR Aleph) 010891078 |
| 071 20 - ИЗДАТЕЛЬСКИЙ НОМЕР |
| Номер, присвоенный агентством |
с3764к |
| 100 ## - ДАННЫЕ ОБЩЕЙ ОБРАБОТКИ |
| Данные общей обработки |
20150424d2004 |||y0rusy50 ca |
| 101 0# - ЯЗЫК РЕСУРСА |
| Язык текста, звукозаписи и т.д. |
английский |
| -- |
русский |
| 102 ## - СТРАНА ПУБЛИКАЦИИ ИЛИ ПРОИЗВОДСТВА |
| Страна публикации |
Российская Федерация |
| 125 ## - ПОЛЕ КОДИРОВАННЫХ ДАННЫХ: ЗВУКОЗАПИСИ И НОТНЫЕ ИЗДАНИЯ |
| Форма изложения нотного текста |
zx |
| 128 ## - ПОЛЕ КОДИРОВАННЫХ ДАННЫХ: МУЗЫКАЛЬНАЯ ФОРМА, ТОНАЛЬНОСТЬ И ЛАД |
| Музыкальная форма |
df |
| 145 0# - ПОЛЕ КОДИРОВАННЫХ ДАННЫХ: СРЕДСТВО ИСПОЛНЕНИЯ МУЗЫКАЛЬНОГО ПРОИЗВЕДЕНИЯ (УСТАРЕВШЕЕ) |
| Тип средства исполнения |
b |
| 200 1# - ЗАГЛАВИЕ И СВЕДЕНИЯ ОБ ОТВЕТСТВЕННОСТИ |
| Основное заглавие |
Танцевальный салон XX век |
| Общее обозначение материала |
Ноты |
| Сведения, относящиеся к заглавию |
пьесы |
| -- |
для фп. |
| Первые сведения об ответственности |
ред.-сост. В. Г. Соловьев |
| 210 ## - ПУБЛИКАЦИЯ, РАСПРОСТРАНЕНИЕ И ДР. |
| Место издания, распространения и т.д. |
Санкт-Петербург |
| Имя издателя, распространителя и т. д. |
Композитор-Санкт-Петербург |
| Дата издания, распространения и т.д. |
2004 |
| 215 ## - ФИЗИЧЕСКАЯ ХАРАКТЕРИСТИКА |
| Специфическое обозначение материала и объем |
[66] с. |
| Размеры |
30 см |
| 225 1# - СЕРИЯ |
| Основное заглавие серии |
Салонная музыка |
| 313 ## - ПРИМЕЧАНИЯ, ОТНОСЯЩИЕСЯ К ТЕМАТИЧЕСКОМУ ДОСТУПУ |
| Текст примечания |
Систематизация документа проведена по изданию - Методика классифицирования музыкальных произведений (нотных изданий) по таблицам Библиотечно-библиографических классификаций : метод. рекомендации / Гос. б-ка СССР им. В.И. Ленина.- М., 1977. Индексу ББК методических рекомендаций присваивается код ББК для научных библиотек - LBC/SL |
| 327 1# - ПРИМЕЧАНИЯ О СОДЕРЖАНИИ |
| Текст примечания |
1. Судьба = Destiny : вальс / С. Бейнс. |
| -- |
2. Герольд = Herald : вальс / В. Давингоф. |
| -- |
3. Лесная сказка = Forest tale : вальс / В. Беккер. |
| -- |
4. Венгерка = The hungarian / Г. Лабади. |
| -- |
5. Шакон = La chaconne / А. Цибулька. |
| -- |
6. Дансон = Dansons / М. Бакалейников. |
| -- |
7. Пташечка = Birdie : полька / А. Балабанов. |
| -- |
8. Падекатр = Pas de quatre / Н. Зубов. |
| -- |
9. "Придворный" : полонез = "Court polonaise" / В. Давингоф. |
| -- |
10. Кокетка = Coquette : падекатр / Г. Лабади. |
| -- |
11. Миньон = Mignon / О. Морли. |
| -- |
12. Тобогган = Toboggan : шотландский танец / Л. Фремо. |
| -- |
13. Вьюшки : кадриль на темы цыган. песен / Н. Артемьев. |
| -- |
14. El choclo : аргентинское танго / А. Вильёльдо. |
| -- |
15. Гайавата : кекуок = Hiawatha : cake-walk / Н. Морет. |
| -- |
16. Мисс Элен = Miss Hélene : фокстрот / Ф. Реймонд. |
| -- |
17. Пазефир = Pas-zephir / Б. Киянов ; |
| -- |
18. Фигурная полька / Б. Киянов |
| 464 #0 - АНАЛИТИЧЕСКИЙ УРОВЕНЬ |
| Встроенное поле |
2001#$aСудьба$dDestiny$eвальс$zeng$fС. Бейнс |
| -- |
215##$aС.5-11 |
| -- |
700#1$9z01790$aБейнс$bС.$gСидни$f1879-1938$4230 |
| -- |
790#1$9z01700$aBaynes$bS.$gSydney$f1879-1938$4230 |
| Заглавие |
Судьба |
| Автор |
Бейнс, Сидни (1879-1938) |
| 464 #0 - АНАЛИТИЧЕСКИЙ УРОВЕНЬ |
| Встроенное поле |
2001#$aГерольд$dHerald$eвальс$zeng$fВ. Давингоф |
| -- |
215##$aС.12-16 |
| -- |
700#1$9z01790$aДавингоф$bВ. Х.$gВладимир Христианович$4230 |
| -- |
790#1$9z01700$aDavingof$bV. H.$gVladimir Hristianovich$4230 |
| Заглавие |
Герольд |
| Автор |
Давингоф, Владимир Христианович |
| 464 #0 - АНАЛИТИЧЕСКИЙ УРОВЕНЬ |
| Встроенное поле |
2001#$aЛесная сказка$dForest tale$eвальс$zeng$fВ. Беккер |
| -- |
215##$aС.17-21 |
| -- |
700#1$9z01790$aБеккер$bВ. Ф.$gВасилий Фёдорович$4230 |
| -- |
790#1$9z01700$aBecker$bW. F.$gWilhelm Fridrih$4230 |
| Заглавие |
Лесная сказка |
| Автор |
Беккер, Василий Фёдорович |
| 464 #0 - АНАЛИТИЧЕСКИЙ УРОВЕНЬ |
| Встроенное поле |
2001#$aВенгерка$dThe hungarian$zeng$fГ. Лабади |
| -- |
215##$aС.22-25 |
| -- |
700#1$9z01790$aЛабади$bИ. (Г.)$4230 |
| -- |
790#1$9z01700$aLabadie$bH.$4230 |
| Заглавие |
Венгерка |
| Автор |
Лабади, И. (Г.) |
| 464 #0 - АНАЛИТИЧЕСКИЙ УРОВЕНЬ |
| Встроенное поле |
2001#$aШакон$dLa chaconne$zfre$fА. Цибулька |
| -- |
215##$aС.26-27 |
| -- |
700#1$9z01790$aЦибулька$gАльфонс$f1842-1894$4230 |
| -- |
790#1$9z01700$aCzibulka$bA.$gAlfons$f1842-1894$4230 |
| Заглавие |
Шакон |
| Автор |
Цибулька, Альфонс (1842-1894) |
| 464 #0 - АНАЛИТИЧЕСКИЙ УРОВЕНЬ |
| Встроенное поле |
2001#$aДансон$dDansons$zfre$fМ. Бакалейников |
| -- |
215##$aС.28-29 |
| -- |
700#1$9z01790$aБакалейников$bМ. Р.$gМихаил Романович$f1890-1960$4230 |
| -- |
790#1$9z01700$aBakaleinikoff$bM.$gMischa$f1890-1960$4230 |
| Заглавие |
Дансон |
| Автор |
Бакалейников, Михаил Романович (1890-1960) |
| 464 #0 - АНАЛИТИЧЕСКИЙ УРОВЕНЬ |
| Встроенное поле |
2001#$aПташечка$dBirdie$eполька$zeng$fА. Балабанов |
| -- |
215##$aС.30-31 |
| -- |
700#1$9z01790$aБалабанов$gАлексей$4230 |
| -- |
790#1$9z01700$aBalabanov$bA.$gAleksej$4230 |
| Заглавие |
Пташечка |
| Автор |
Балабанов, Алексей |
| 464 #0 - АНАЛИТИЧЕСКИЙ УРОВЕНЬ |
| Встроенное поле |
2001#$aПадекатр$dPas de quatre$zfre$fН. Зубов |
| -- |
215##$aС.32-33 |
| -- |
700#1$9z01790$aЗубов$bН.В.$gНиколай Владимирович$f1867-1907$4230 |
| -- |
790#1$9z01700$aZubov$bN. V.$gNikolai Vladimirovich'$f1867-1907$4230 |
| Заглавие |
Падекатр |
| Автор |
Зубов, Николай Владимирович (1867-1907) |
| 464 #0 - АНАЛИТИЧЕСКИЙ УРОВЕНЬ |
| Встроенное поле |
2001#$a"Придворный"$eполонез$d"Court polonaise"$zfre$fВ. Давингоф |
| -- |
215##$aС.34-36 |
| -- |
700#1$9z01790$aДавингоф$bВ. Х.$gВладимир Христианович$4230 |
| -- |
790#1$9z01700$aDavingof$bV. H.$gVladimir Hristianovich$4230 |
| Заглавие |
"Придворный" |
| Автор |
Давингоф, Владимир Христианович |
| 464 #0 - АНАЛИТИЧЕСКИЙ УРОВЕНЬ |
| Встроенное поле |
2001#$aКокетка$dCoquette$eпадекатр$zfre$fГ. Лабади |
| -- |
215##$aС.37-41 |
| -- |
700#1$9z01790$aЛабади$bИ. (Г.)$4230 |
| -- |
790#1$9z01700$aLabadie$bH.$4230 |
| Заглавие |
Кокетка |
| Автор |
Лабади, И. (Г.) |
| 464 #0 - АНАЛИТИЧЕСКИЙ УРОВЕНЬ |
| Встроенное поле |
2001#$aМиньон$dMignon$zfre$fО. Морли |
| -- |
215##$aС.42-43 |
| -- |
701#1$9z02790$aМорли$gОскар$4230 |
| -- |
790#1$9z02701$aMorley$bO.$gOscar$4230 |
| Заглавие |
Миньон |
| 464 #0 - АНАЛИТИЧЕСКИЙ УРОВЕНЬ |
| Встроенное поле |
2001#$aТобогган$dToboggan$eшотландский танец$zeng$fЛ. Фремо |
| -- |
215##$aС.44-47 |
| -- |
700#1$9z01790$aФремо$bЛ.$gЛуи$f1921-$4230 |
| -- |
790#1$9z01700$aFrémaux$bL.$gLouis$f1921-$4230 |
| Заглавие |
Тобогган |
| Автор |
Фремо, Луи (1921-) |
| 464 #0 - АНАЛИТИЧЕСКИЙ УРОВЕНЬ |
| Встроенное поле |
2001#$aВьюшки$eкадриль на темы цыган. песен$fН. Артемьев |
| -- |
215##$aС.48-51 |
| -- |
700#1$9z01790$aАртемьев$gНиколай$4230 |
| -- |
790#1$9z01700$aArtemyev$bN.$gNikolaj$4230 |
| Заглавие |
Вьюшки |
| Автор |
Артемьев, Николай |
| 464 #0 - АНАЛИТИЧЕСКИЙ УРОВЕНЬ |
| Встроенное поле |
2001#$aEl choclo$eаргентинское танго$fА. Вильёльдо |
| -- |
215##$aС.52-53 |
| -- |
700#1$9z01790$aВиллольдо$bА. Г.$gАнхель Григорио$f1861-1919$4230 |
| -- |
790#1$9z01700$aVilloldo$bA.$gAngel$f1861-1919$4230 |
| Заглавие |
El choclo |
| Автор |
Виллольдо, Анхель Григорио (1861-1919) |
| 464 #0 - АНАЛИТИЧЕСКИЙ УРОВЕНЬ |
| Встроенное поле |
2001#$aГайавата$eкекуок$dHiawatha$ecake-walk$zeng$fН. Морет |
| -- |
215##$aС.54-58 |
| -- |
700#1$9z01790$aМорет$gНейл$f1878-1943$4230 |
| -- |
790#1$9z01700$aMoret$bN.$gNeil$f1878-1943$4230 |
| Заглавие |
Гайавата |
| Автор |
Морет, Нейл (1878-1943) |
| 464 #0 - АНАЛИТИЧЕСКИЙ УРОВЕНЬ |
| Встроенное поле |
2001#$aМисс Элен$dMiss Hélene$eфокстрот$zfre$fФ. Реймонд |
| -- |
215##$aС.59-61 |
| -- |
700#1$9z01790$aРэймонд$bФ.$gФред$f1900-1954$4230 |
| -- |
790#1$9z01700$aRaymond$bF.$gFred$ccomposer$f1900-1954$4230 |
| Заглавие |
Мисс Элен |
| Автор |
Рэймонд, Фред (1900-1954) |
| 464 #0 - АНАЛИТИЧЕСКИЙ УРОВЕНЬ |
| Встроенное поле |
2001#$aПазефир$dPas-zephir$zfre$fБ. Киянов |
| -- |
215##$aС.62-63 |
| -- |
700#1$9z01790$aКиянов$bБ. П.$gБорис Павлович$f1917–1988$4230 |
| -- |
790#1$9z01700$aKiyanov$bB. P.$gBoris Pavlovich$f1917–1988$4230 |
| Заглавие |
Пазефир |
| Автор |
Киянов, Борис Павлович (1917–1988) |
| 464 #0 - АНАЛИТИЧЕСКИЙ УРОВЕНЬ |
| Встроенное поле |
2001#$aФигурная полька$fБ. Киянов |
| -- |
215##$aС.64-65 |
| -- |
700#1$9z01790$aКиянов$bБ. П.$gБорис Павлович$f1917–1988$4230 |
| -- |
790#1$9z01700$aKiyanov$bB. P.$gBoris Pavlovich$f1917–1988$4230 |
| Заглавие |
Фигурная полька |
| Автор |
Киянов, Борис Павлович (1917–1988) |
| 686 ## - ИНДЕКСЫ ДРУГИХ КЛАССИФИКАЦИЙ |
| Индекс |
Щ954.2-058.55я43 |
| Издание |
LBC/SL |
| Код системы |
|
| 701 #1 - ИМЯ ЛИЦА - АЛЬТЕРНАТИВНАЯ ОТВЕТСТВЕННОСТЬ |
| Системный номер авторитетной/нормативной записи |
z02790 |
| Начальный элемент ввода |
Соловьев |
| Часть имени, кроме начального элемента ввода |
В. Г. |
| Даты |
1937- |
| Расширение инициалов личного имени |
Владислав Георгиевич |
| Код отношения |
Составитель |
| -- |
Редактор |
| 790 #1 - ИМЯ ЛИЦА - АЛЬТЕРНАТИВНАЯ ФОРМА |
| Системный номер авторитетной/нормативной записи |
z02701 |
| Начальный элемент ввода |
Solov'ev |
| Часть имени, кроме начального элемента ввода |
V. G. |
| Даты |
1937- |
| Расширение инициалов личного имени |
Vladislav Georgievich |
| Код отношения |
Составитель |
| -- |
Редактор |
| 801 #0 - ИСТОЧНИК ЗАПИСИ |
| Страна |
Российская Федерация |
| Организация |
NLR |
| Дата составления |
20150424 |
| Правила каталогизации |
PSBO |
| 801 #1 - ИСТОЧНИК ЗАПИСИ |
| Страна |
Российская Федерация |
| Организация |
NLR |
| Дата составления |
20150424 |
| Источник данных |
rusmarc |
| 801 #2 - ИСТОЧНИК ЗАПИСИ |
| Страна |
Российская Федерация |
| Организация |
NLR |
| Дата составления |
20151116 |
| 852 ## - МЕСТОНАХОЖДЕНИЕ И ШИФР ХРАНЕНИЯ |
| Идентификатор организации |
NLR |
| Наименование фонда или коллекции (Sub-Location Identifier) |
М |
| Шифр хранения (Call Number) |
К-3/27012 |
| Страна |
|
| Номер экземпляра |
1 |
| 942 ## - ДОПОЛНИТЕЛЬНЫЕ ЭЛЕМЕНТЫ ЗАПИСИ (АБИС) |
| Тип экземпляра АБИС |
Ноты |
| 980 ## - КОЛЛЕКЦИЯ |
| Название коллекции |
Национальная библиография |